| 000 | 00383nam a22001457a 4500 | ||
|---|---|---|---|
| 005 | 20250208110232.0 | ||
| 008 | 250208b |||||||| |||| 00| 0 eng d | ||
| 020 | _a9788190191265 | ||
| 050 | _aRC662 KUM | ||
| 100 | _aKumar, Vijaya | ||
| 245 |
_aDiabetes and Diet/ _cVijaya Kumar |
||
| 260 |
_aNew Delhi _bLotus Press _c2004,2006 |
||
| 300 |
_a144p. _bill. _c21.5cm |
||
| 942 |
_2lcc _cBK _n0 |
||
| 999 |
_c3652 _d3652 |
||